Dictionnaire encyclopédique des sciences médicales / (Record no. 183309)
[ view plain ]
| 000 -LEADER | |
|---|---|
| campo de control de longitud fija | 01110nam a2200229 i 4500 |
| 001 - NÚMERO DE CONTROL | |
| campo de control | 183309 |
| 003 - IDENTIFICADOR DE NÚMERO DE CONTROL | |
| campo de control | ES-MaACL |
| 005 - FECHA Y HORA DE LA ÚLTIMA TRANSACCIÓN | |
| campo de control | 20250927113437.0 |
| 008 - DATOS DE LONGITUD FIJA--INFORMACIÓN GENERAL | |
| campo de control de longitud fija | 140228m18641869fr |||| | fre d |
| 080 ## - NÚMERO DE LA CLASIFICACIÓN DECIMAL UNIVERSAL | |
| Número de la Clasificación Decimal Universal | 61(038) |
| 245 00 - MENCIÓN DEL TÍTULO | |
| Título | Dictionnaire encyclopédique des sciences médicales / |
| Mención de responsabilidad, etc. | Directeur[s]: A. Dechambre, [L. Lereboullett, L. Hann]. |
| 260 ## - PUBLICACIÓN, DISTRIBUCIÓN, ETC. | |
| Lugar de publicación, distribución, etc. | Paris : |
| Nombre del editor, distribuidor, etc. | G. Masson : |
| -- | P. Asselin, |
| Fecha de publicación, distribución, etc. | 1864-1889. |
| 300 ## - DESCRIPCIÓN FÍSICA | |
| Extensión | 100 v. : |
| Otras características físicas | il. ; |
| Dimensiones | 24 cm. |
| 500 ## - NOTA GENERAL | |
| Nota general | La obra aparece distribuida en cinco series, numeradas separadamente y cuyo orden de series no corresponde al alfabético de la misma. |
| 505 8# - NOTA DE CONTENIDO CON FORMATO | |
| Nota de contenido con formato | Contiene: 1ª Serie A-E. Tomos 1º á 36. (1864-87) 4ª Serie F-K. Tomos 37 á 52. (1877-89) 2ª Serie L.-P. Tomos 53 á 79. (1872-89) 3ª Serie Q-F. Tomos 80 á 97. (1874-85) 5ª Serie V-Z. Tomos 98 á 100 (1886-89) |
| 650 04 - PUNTO DE ACCESO ADICIONAL DE MATERIA--TÉRMINO DE MATERIA | |
| Término de materia o nombre geográfico como elemento de entrada | Medicina- |
| Subdivisión de forma | Diccionarios. |
| 9 (RLIN) | 14897 |
| 700 1# - ENTRADA AGREGADA--NOMBRE PERSONAL | |
| Nombre de persona | Déchambre, Amédée. |
| 9 (RLIN) | 154442 |
| 700 1# - ENTRADA AGREGADA--NOMBRE PERSONAL | |
| Nombre de persona | Lereboullet, Léon, |
| Fechas asociadas al nombre | 1842-1914 |
| 9 (RLIN) | 154443 |
| 700 1# - ENTRADA AGREGADA--NOMBRE PERSONAL | |
| Nombre de persona | Hahn, François Louis, |
| Fechas asociadas al nombre | 1844-1921 |
| 9 (RLIN) | 154444 |
| 852 ## - LOCALIZACIÓN | |
| Ubicación | ES-MaACL |
| Número de control de estantería | G-2439-2538 |
| Estatus retirado | Estado de pérdida | Estado de daño | No para préstamo | Colección | Biblioteca de origen | Biblioteca actual | Ubicación en estantería | Fecha de adquisición | Fuente de adquisición | Total de préstamos | Signatura topográfica completa | Código de barras | Visto por última vez | Precio de reemplazo | Tipo de ítem Koha |
|---|---|---|---|---|---|---|---|---|---|---|---|---|---|---|---|
| Libros del s. XIX | Biblioteca del Ateneo de Madrid | Biblioteca del Ateneo de Madrid | Depósito 2 | 28/02/2014 | G-2439-2538 | 1192670 | 23/02/2023 | 23/02/2023 | Libro impreso antiguo |
